Primal gods of greek mythology - Statistics

General Stats
  • This quiz has been taken 590 times
  • The average score is 11 of 24
Answer Stats
Attribute God/Titan % Correct
Night Nyx
82%
Love Eros
81%
Sun Helios
81%
Nothingness Chaos
79%
Sleep Hypnos
72%
Moon Selene
69%
Death Thanatos
67%
Earth Gaea
65%
Revenge Nemesis
63%
Dreams Morpheus
58%
Sky Ouranos
51%
Fear Phobos
51%
Strife Eris
47%
Darkness Erebus
38%
Ocean Pontus
34%
Terror Deimos
33%
Day Hemera
31%
Justice Themis
20%
Power Kratos
18%
Mountains Ourea
14%
Sea Thalassa
12%
Might Bia
9%
Light Phoebe
4%
Destruction Enyo
3%
No matching quizzes found
Score Distribution
Percent of People with Each Score
Percentile by Number Answered
Your Score History
You have not taken this quiz